Normal view
MARC view
- كرة الماء - الرياضة
Entry Topical Term
001 - CONTROL NUMBER
- control field: 17496
003 - CONTROL NUMBER IDENTIFIER
- control field: JO-AjAnu
005 - DATE AND TIME OF LATEST TRANSACTION
- control field: 20230606073105.0
008 - FIXED-LENGTH DATA ELEMENTS
- fixed length control field: 230606|| aca||aabn | a|a d
040 ## - CATALOGING SOURCE
- Original cataloging agency: JO-AjAnu
- Transcribing agency: JO-AjAnu
150 ## - HEADING--TOPICAL TERM
- Topical term or geographic name entry element: كرة الماء - الرياضة
670 ## - SOURCE DATA FOUND
- Source citation: Work cat.: (JO-AjAnu)8982: ناصيف، محمود نبيه، م.مشارك راتب، اسامه كامل, author 17495, أسس تدريب كرة الماء